Państwa wchodzące w skład Imperium Włoskiego - Statystyki

Ogólne statystyki
  • Ten quiz został rozwiązany 42 razy
  • Średni wynik to 14 z 16
Statystyki odpowiedzi
Podpowiedź
(kontynent)
Odpowiedź
(Kraj)
% Poprawnych
Europa Chorwacja
94%
Afryka Etiopia
94%
Europa Grecja
94%
Europa Włochy
94%
Afryka Libia
90%
Europa Słowenia
90%
Afryka Somalia
90%
*Afryka* Sudan
90%
*Afryka* Egipt
87%
Europa Albania
84%
*Europa* Bośnia i Hercegowina
84%
Europa Czarnogóra
84%
Afryka Erytrea
84%
Europa Kosowo
84%
*Afryka* Tunezja
74%
*Afryka* Kenia
58%
Nie znaleziono quizów pasujących do podanych kryteriów
Rozkład punktacji
Procent ludzi z każdym wynikiem
Percentyl według liczby udzielonych odpowiedzi
Twoja historia wyników
Nie rozwiązałeś tego quizu